Normal view
MARC view
Entry Personal Name
001 - CONTROL NUMBER
- control field: 63972
003 - CONTROL NUMBER IDENTIFIER
- control field: dpl
005 - DATE AND TIME OF LATEST TRANSACTION
- control field: 20240327114246.0
008 - FIXED-LENGTH DATA ELEMENTS
- fixed length control field: 240327|| aca||aabn | a|a d
040 ## - CATALOGING SOURCE
- Original cataloging agency: dpl
- Transcribing agency: dpl
100 ## - HEADING--PERSONAL NAME
- Personal name: Natarajan, K
670 ## - SOURCE DATA FOUND
- Source citation: Work cat.: (dpl)201798: New Century's Shakesphere Much Ado About Nothing/, 2016
